| 000 | 01062nam0a22002771 4500 | ||
|---|---|---|---|
| 001 | rc\4996305 | ||
| 005 | 20250613055005.0 | ||
| 021 |
_aRU _b[57-21319] |
||
| 035 | _a(NLR Aleph) 008974383 | ||
| 090 |
_a9145270 _c9145270 |
||
| 100 | _a20130430d1957 |||y0rusy50 ca | ||
| 101 | 0 | _arus | |
| 102 | _aRU | ||
| 105 | _ac z ||||| | ||
| 200 | 1 |
_aКарл Линней - выдающийся шведский натуралист _e(К 250-летию со дня рождения) _fВсесоюз. о-во по распространению полит. и науч. знаний |
|
| 210 |
_aМосква _cЗнание _d1957 |
||
| 215 |
_a32 с. _cпортр. _d22 |
||
| 225 | 1 |
_a[Серия 8 _v№ 11] |
|
| 300 | _aПеред загл. авт.: д-р биол. наук проф. С.С. Станков | ||
| 700 | 1 |
_aСтанков _bС.С. _f1892-1962 _gСергей Сергеевич |
|
| 702 | 1 |
_aЛинней _bК. _f1707-1778 _gКарл _4570 |
|
| 801 | 0 |
_aRU _bNLR _gpsbo |
|
| 801 | 1 |
_aRU _bELAR _2rusmarc |
|
| 852 |
_aNLR _j57-6/2591 |
||
| 942 | _cBOOK | ||
| 980 | _aNB | ||